MARC details
| 000 -LEADER |
| fixed length control field |
02786cam a2200409 i 4500 |
| 001 - CONTROL NUMBER |
| control field |
bcotR000155 |
| 005 - DATE AND TIME OF LATEST TRANSACTION |
| control field |
20210215102153.0 |
| 006 - FIXED-LENGTH DATA ELEMENTS--ADDITIONAL MATERIAL CHARACTERISTICS |
| fixed length control field |
m u |
| 007 - PHYSICAL DESCRIPTION FIXED FIELD--GENERAL INFORMATION |
| fixed length control field |
cr cn ---uuuuu |
| 008 - FIXED-LENGTH DATA ELEMENTS--GENERAL INFORMATION |
| fixed length control field |
160713s2015 tcu o 000 0 eng d |
| 035 ## - SYSTEM CONTROL NUMBER |
| System control number |
(OCoLC)956400307 |
| 037 ## - SOURCE OF ACQUISITION |
| Source of stock number/acquisition |
BCOpenCampus |
| Terms of availability |
CostFree |
| Form of issue |
FormOnline |
| Additional format characteristics |
AccessOpen |
| 040 ## - CATALOGING SOURCE |
| Original cataloging agency |
CN8ML |
| Language of cataloging |
eng |
| Description conventions |
rda |
| Transcribing agency |
CN8ML |
| Modifying agency |
K6U |
| 050 #4 - LIBRARY OF CONGRESS CALL NUMBER |
| Classification number |
TA168 |
| Item number |
B49 2016 |
| 100 1# - MAIN ENTRY--PERSONAL NAME |
| Personal name |
Beyenir, Serhat, |
| Relator term |
author. |
| 245 12 - TITLE STATEMENT |
| Title |
A brief introduction to engineering computation with MATLAB / |
| Statement of responsibility, etc. |
by Serhat Beyenir. |
| 264 #1 - PRODUCTION, PUBLICATION, DISTRIBUTION, MANUFACTURE, AND COPYRIGHT NOTICE |
| Name of producer, publisher, distributor, manufacturer |
OpenStax-CNX, |
| 264 #2 - PRODUCTION, PUBLICATION, DISTRIBUTION, MANUFACTURE, AND COPYRIGHT NOTICE |
| Name of producer, publisher, distributor, manufacturer |
BCcampus, BC Open Textbook Project |
| 300 ## - PHYSICAL DESCRIPTION |
| Extent |
1 online resource (166 pages) |
| 500 ## - GENERAL NOTE |
| General note |
This work is licensed under the Creative Commons Attribution-NonCommercial-ShareAlike License. |
| 500 ## - GENERAL NOTE |
| General note |
This bibliographic record is available under the Creative Commons CC0 "No Rights Reserved" license. |
| 520 ## - SUMMARY, ETC. |
| Summary, etc. |
"A Brief Introduction to Engineering Computation with MATLAB is specifically designed for students with no programming experience. However, students are expected to be proficient in First Year Mathematics and Sciences and access to good reference books are highly recommended. Students are assumed to have a working knowledge of the Mac OS X or Microsoft Windows operating systems. The strategic goal of the course and book is to provide learners with an appreciation for the role computation plays in solving engineering problems. MATLAB specific skills that students are expected to be proficient at are: write scripts to solve engineering problems including interpolation, numerical integration and regression analysis, plot graphs to visualize, analyze and present numerical data, and publish reports."--BC Campus website. |
| 588 ## - SOURCE OF DESCRIPTION NOTE |
| Source of description note |
Description based on online resource; title from pdf title page (viewed on July 13, 2016). |
| 590 ## - LOCAL NOTE (RLIN) |
| Local note |
Made available online by BCcampus BC Open Textbook Project. |
| 650 #0 - SUBJECT ADDED ENTRY--TOPICAL TERM |
| Topical term or geographic name entry element |
Systems engineering |
| Form subdivision |
Textbooks. |
| 655 #0 - INDEX TERM--GENRE/FORM |
| Genre/form data or focus term |
Electronic books. |
| 710 2# - ADDED ENTRY--CORPORATE NAME |
| Corporate name or jurisdiction name as entry element |
OpenStax College, |
| Relator term |
issuing body. |
| 710 2# - ADDED ENTRY--CORPORATE NAME |
| Corporate name or jurisdiction name as entry element |
BC Open Textbook Project, |
| Relator term |
distributor. |
| 710 2# - ADDED ENTRY--CORPORATE NAME |
| Corporate name or jurisdiction name as entry element |
BCcampus. |
| 856 40 - ELECTRONIC LOCATION AND ACCESS |
| Materials specified |
OpenStax |
| Uniform Resource Identifier |
<a href=" https://cnx.org/contents/qTr2bTqz@11.7:IZLgFOgb@3/Acknowledgements"> https://cnx.org/contents/qTr2bTqz@11.7:IZLgFOgb@3/Acknowledgements</a> |
| 856 40 - ELECTRONIC LOCATION AND ACCESS |
| Materials specified |
BC Open Textbook Project title homepage |
| Uniform Resource Identifier |
<a href="https://open.bccampus.ca/find-open-textbooks/?uuid=e12e3911-8a06-497e-b8c9-99e347092af0&contributor=&keyword=&subject=">https://open.bccampus.ca/find-open-textbooks/?uuid=e12e3911-8a06-497e-b8c9-99e347092af0&contributor=&keyword=&subject=</a> |
| 856 40 - ELECTRONIC LOCATION AND ACCESS |
| Materials specified |
BC Open Textbook Project PDF file |
| Uniform Resource Identifier |
<a href="http://solr.bccampus.ca:8001/bcc/file/e12e3911-8a06-497e-b8c9-99e347092af0/1/a-brief-introduction-to-engineering-computation-with-matlab-11.4.pdf">http://solr.bccampus.ca:8001/bcc/file/e12e3911-8a06-497e-b8c9-99e347092af0/1/a-brief-introduction-to-engineering-computation-with-matlab-11.4.pdf</a> |